| 000 | 00575nmm a2200169Ia 4500 | ||
|---|---|---|---|
| 008 | 251105s9999||||xx |||||||||||||||||und|| | ||
| 020 | _a9789587386530 | ||
| 041 | _aspa | ||
| 100 | _aVelasco Pedraza, Julián Andrei | ||
| 245 | 0 | _aJusticia para los vasallos de su majestad : Administración de justicia en la villa de San Gil, siglo XVIII | |
| 264 |
_a[Bogotá, Colombia] : _bUniversidad del Rosario, _c2015 |
||
| 300 | _a298 páginas | ||
| 490 | _aTextos de Ciencias Humanas | ||
| 650 | _aLaw | ||
| 856 | _uhttps://public.digitaliapublishing.com/a/46546 | ||
| 942 | _cCF | ||
| 999 |
_c95840 _d95840 |
||